| 000 | 00650 a2200205 4500 | ||
|---|---|---|---|
| 005 | 20260218092409.0 | ||
| 008 | 260218b |||||||| |||| 00| 0 eng d | ||
| 020 |
_a9788119989102 _cरु 595.00 |
||
| 040 | _aMAIN | ||
| 082 |
_a891.43301621 _bSN23B |
||
| 100 | _aशर्मा, नलिन विलोचन | ||
| 110 | _a | ||
| 245 | _aबरसाने की राधा | ||
| 250 | _aLatest edition | ||
| 260 |
_bराधाकृष्ण प्रकाशन _c2024 _aदिल्ली |
||
| 300 | _a142 | ||
| 650 | _aहिन्दी साहित्य | ||
| 651 | _aकहानी संग्रह | ||
| 942 | _cHN | ||
| 999 |
_c394005 _d394005 |
||